| 000 | 00644nam a2200217 i 4500 | ||
|---|---|---|---|
| 001 | bg | ||
| 100 | 1 | _aBONCLER, Dariusz | |
| 245 | 1 | 0 |
_aWindows 95 : _bopis systemu : (wersja angielska i polska) / _cDariusz Boncler. |
| 260 |
_aWarszawa : _b"HELP", _c1995. |
||
| 300 |
_a285 s. : _brys. ; _c24 cm. |
||
| 500 | _aIndeks. | ||
| 630 | 0 | 9 | _aWindows 95 |
| 020 | _a8385137807 | ||
| 040 | _cBPK | ||
| 041 | 0 | _apl | |
| 080 | _a681.322.066WINDOWS | ||
| 920 | _a83-85137-80-7 | ||
| 942 | _cKS | ||
| 008 | s pl f |000 0 pol | ||
| 856 |
_uhttp://koha.tu.koszalin.pl/cgi-bin/koha/opac-detail.pl?biblionumber=32052 _yKatalog online BPK |
||
| 999 |
_c32052 _d32052 |
||